| 000 | 00848nam a22002417a 4500 | ||
|---|---|---|---|
| 005 | 20140212110109.0 | ||
| 010 | _aENG-109015-16 | ||
| 020 |
_a9788180389207(set) _c4495.00(set of 2 vols.) |
||
| 020 |
_a9788180389214 _c4495.00(set of 2 vols.) |
||
| 020 |
_a9788180389221 _c4495.00(set of 2 vols.) |
||
| 035 | _aEN-92548-549 | ||
| 037 | _bDBAD/PUB | ||
| 082 | _a658.57 | ||
| 100 | _aPithisaria, M. K. | ||
| 245 |
_aBusiness expenditure / _cby M. K. Pithisaria [and] Mukesh Pithisaria |
||
| 250 | _a2nd ed | ||
| 260 |
_aGurgaon _bLexis Nexis _c2013 |
||
| 270 |
_a14th floor, Building No 10, Tower-B, DLF Cyber City, Phase-ll, _bGurgaon _e122002 |
||
| 300 |
_a2V.(ccxxxvi,1320,1-98p.; xii-ccxxxvi,1321-2359; 1-98p.) _c25cm(Hb) |
||
| 500 | _aIncludes index | ||
| 700 | _aPithisaria, Mukesh | ||
| 942 |
_2ddc _cEN _mPIT _h658.57 |
||
| 999 |
_c81511 _d81511 |
||